000 01238njm a22002537a 4500
005 20100903135211.0
006 a|||||r|||||00| 0
007 sd ammalaaahaa
008 100903t xxu||||| |||| 00| 0 eng d
028 _aN 88062
_bHis Master's Voice
035 _aGR-244
100 _aNarayanrao Vyas
_918037
245 _aAaji radha brij main chalo :
_cby Narayanrao Vyas and Shankarrao Vyas
_h[sound recording]
_bbhairavi kaharva /
246 _aअजि राधा बृज में चलो / नारायणराव व्यास और शंकरराव व्यास
260 _aDum Dum, India
_bHis Master's Voice
300 _a1 sound disc [Gramophone Recording]
_banalog, 33 1/3rpm ;
_c9.5 in. (MP)
_fGramaphone Records
500 _aBrief record
505 _aSide-2 कहाँ के पथिक कहाँ-झिजोटी दादरा (भजन-तुलसीदास) (Kahaan ke pathik kahaan-jhijoti dadra (bhajan-tulsidas)) (Narayanrao Vyas)
650 _aClassical music
_xExcerpts
_zIndia
_918040
700 _918050
_aVyas, Shankarrao
700 _aRoy, Juthika
_918053
942 _2ddc
_cGR
999 _c43573
_d43573